Новые педагогические и информационные технологии в системе образования: учебное пособие

Bibliographic Details
Other Authors: Полат Е. С. (редактор)
Summary:Предлагаемое пособие знакомит читателя с методом проектов, обучением в сотрудничестве, разноуровневым обучением, «Портфелем ученика», а также с широким применением компьютерных телекоммуникаций, глобальной сети Интернет в практике преподавания. Аналогами данного пособия являются два курса дистанционного обучения, разработанные той же группой авторов: «Компьютерные телекоммуникации в системе школьного образования» и «Новые педагогические технологии», размещенные в сети Интернет по адресу: <http://www.ioso.iip.net/distant>. Для студентов педагогических вузов и системы повышения квалификации педагогических кадров. Может быть рекомендовано учителям общеобразовательных школ, гимназий, лицеев.
Language:Russian
Published: Москва, Академия, 2005
Edition:2-е изд., стер.
Series:Высшее образование
Subjects:
Format: Book
KOHA link:https://koha.lib.tpu.ru/cgi-bin/koha/opac-detail.pl?biblionumber=93520

MARC

LEADER 00000nam0a2200000 4500
001 93520
005 20231101213907.0
010 |a 5769508116 
035 |a (RuTPU)RU\TPU\book\100131 
090 |a 93520 
100 |a 20060329d2005 m y0rusy50 ca 
101 0 |a rus 
102 |a RU 
105 |a y j 001zy 
200 1 |a Новые педагогические и информационные технологии в системе образования  |e учебное пособие  |f под ред. Е. С. Полат 
205 |a 2-е изд., стер. 
210 |a Москва  |c Академия  |d 2005 
215 |a 272 с. 
225 1 |a Высшее образование 
320 |a Библиография в конце книги. 
330 |a Предлагаемое пособие знакомит читателя с методом проектов, обучением в сотрудничестве, разноуровневым обучением, «Портфелем ученика», а также с широким применением компьютерных телекоммуникаций, глобальной сети Интернет в практике преподавания. Аналогами данного пособия являются два курса дистанционного обучения, разработанные той же группой авторов: «Компьютерные телекоммуникации в системе школьного образования» и «Новые педагогические технологии», размещенные в сети Интернет по адресу: <http://www.ioso.iip.net/distant>. Для студентов педагогических вузов и системы повышения квалификации педагогических кадров. Может быть рекомендовано учителям общеобразовательных школ, гимназий, лицеев. 
606 1 |a Дидактика  |x Школьная  |2 stltpush  |3 (RuTPU)RU\TPU\subj\9460  |9 36704 
610 1 |a образование 
610 1 |a педагогика 
610 1 |a среднее образование 
610 1 |a информационные технологии 
610 1 |a педагогические технологии 
610 1 |a личностно-ориентированные технологии 
610 1 |a обучение в сотрудничестве 
610 1 |a компьютерные коммуникации 
610 1 |a Интернет 
610 1 |a образовательные услуги 
610 1 |a учебные пособия 
686 |a Ч421.2я73  |v LBC/SL-A  |2 rubbk 
702 1 |a Полат  |b Е. С.  |4 340 
801 1 |a RU  |b 63413507  |c 20060329  |g PSBO 
801 2 |a RU  |b 63413507  |c 20130725  |g PSBO 
942 |c BK 
959 |a 18/20060226  |d 2  |e 163,57  |f НФ:2